Sports Quiz

Random Sports or World Cup Quiz
Score 0/20 Timer 03:00
0 Plays Today
Host Nation Winning Nation % Correct
Uruguay 1930Uruguay
91.8%
Korea/Japan 2002Brazil
87.1%
Italy 1934Italy
86.8%
Germany 2006Italy
86.1%
France 1998France
85.4%
USA 1994Brazil
81.8%
England 1966England
79.6%
Mexico 1970Brazil
78.2%
South Africa 2010Spain
76.1%
Brazil 2014Germany
76.1%
Host Nation Winning Nation % Correct
France 1938Italy
75%
Sweden 1958Brazil
75%
Argentina 1978Argentina
75%
Chile 1962Brazil
72.9%
West Germany 1974West Germany
70.4%
Brazil 1950Uruguay
69.6%
Spain 1982Italy
69.6%
Mexico 1986Argentina
68.6%
Italy 1990West Germany
63.2%
Switzerland 1954West Germany
60.7%
Remove Ads.
Support Sporcle.
Get the best of Sporcle when you Go Orange. This ad-free experience offers more features, more stats, and more fun while also helping to support Sporcle. Thank you for becoming a member.

You're not logged in!

Compare scores with friends on all Sporcle quizzes.
OR
Log In

Show Comments

Extras

Top Quizzes Today


Score Distribution

Your Account Isn't Verified!

In order to create a playlist on Sporcle, you need to verify the email address you used during registration. Go to your Sporcle Settings to finish the process.

Report this User

Report this user for behavior that violates our Community Guidelines.

Details: